| 000 | 00716nam a2200169 a 4500 | ||
|---|---|---|---|
| 008 | 120416s1972 ||||||||||||||||| || u | ||
| 050 | _aHD 47.4 Dew | ||
| 100 | _aDewhurst, Roland Frederick James | ||
| 245 | 1 | 0 | _aBusiness cost-benefit analysis |
| 260 |
_aLondon _bMcGraw-Hill _c[1972] |
||
| 300 | _ax, 287p. : ill. | ||
| 350 | _a0.00 | ||
| 650 | 0 | _aBUSINESS | |
| 650 | _aCOST-BENEFIT ANALYSIS | ||
| 995 |
_aMAIN LIBRARY OPEN ACCESS _D0.00 _e706164 _FCBU-MAIN LIBRARY (Kitwe) _H2 _I0.00 _jHD 47.4 Dew _M1 _UAVAILABLE _y003533 _ZMain Library Open Access Collection |
||
| 995 |
_aMAIN LIBRARY OPEN ACCESS _D0.00 _e706496 _FCBU-MAIN LIBRARY (Kitwe) _H1 _I0.00 _jHD 47.4 Dew _M2 _UAVAILABLE _y003534 _ZMain Library Open Access Collection |
||
| 999 |
_c77878 _d77878 |
||